| 000 | 00413nam a2200157 i 4500 | ||
|---|---|---|---|
| 001 | bg | ||
| 100 | 1 | _aKRYLOV, W. J. | |
| 245 | 0 |
_aVycislitelnye metody vyssej matematikiT.1 / _cW.J. Krylow, W.W. Bobkow, P.J. Monastyrnyj. |
|
| 260 |
_aMinsk, _c1972. |
||
| 700 | 1 | _aBOBKOWV, W. W. | |
| 700 | 1 | _aMONASTYRNYJ, P. J. | |
| 040 | _cBPK | ||
| 041 | _apol | ||
| 942 | _cKS | ||
| 008 | s pl f |000 0 pol | ||
| 999 |
_c14497 _d14497 |
||
| 856 |
_uhttp://koha.tu.koszalin.pl/cgi-bin/koha/opac-detail.pl?biblionumber=14497 _yKatalog online BPK |
||